The Old Willow Tree, and other stories (Record no. 260422)
[ view plain ]
| 000 -LEADER | |
|---|---|
| fixed length control field | 00998cam a22002893a 4500 |
| 001 - CONTROL NUMBER | |
| control field | 31167 |
| 003 - CONTROL NUMBER IDENTIFIER | |
| control field | PGUSA |
| 005 - DATE AND TIME OF LATEST TRANSACTION | |
| control field | 20140828083656.0 |
| 008 - FIXED-LENGTH DATA ELEMENTS--GENERAL INFORMATION | |
| fixed length control field | 100203s2010||||xxu|||||s|||||000 1 eng d |
| 040 ## - CATALOGING SOURCE | |
| Original cataloging agency | PGUSA |
| Language of cataloging | eng |
| 042 ## - AUTHENTICATION CODE | |
| Authentication code | dc |
| 050 #4 - LIBRARY OF CONGRESS CALL NUMBER | |
| Classification number | PZ |
| 100 1# - MAIN ENTRY--PERSONAL NAME | |
| Personal name | Ewald, Carl, |
| Dates associated with a name | 1856-1908 |
| 245 14 - TITLE STATEMENT | |
| Title | The Old Willow Tree, and other stories |
| Medium | [electronic resource] / |
| Statement of responsibility, etc | Carl Ewald |
| 260 ## - PUBLICATION, DISTRIBUTION, ETC. (IMPRINT) | |
| Name of publisher, distributor, etc | Project Gutenberg, |
| Date of publication, distribution, etc | 2010 |
| 505 0# - FORMATTED CONTENTS NOTE | |
| Formatted contents note | The old willow-tree -- The mistletoe -- The lilac-bush -- The beech and the oak -- The weeds -- The anemones -- The wood and the heath -- Somewhere in the wood -- The cousins. |
| 506 ## - RESTRICTIONS ON ACCESS NOTE | |
| Terms governing access | Public domain in the USA. |
| 516 ## - TYPE OF COMPUTER FILE OR DATA NOTE | |
| Type of computer file or data note | Electronic text |
| 653 ## - INDEX TERM--UNCONTROLLED | |
| Uncontrolled term | Nature -- Juvenile fiction |
| 653 ## - INDEX TERM--UNCONTROLLED | |
| Uncontrolled term | Children's stories |
| 700 1# - ADDED ENTRY--PERSONAL NAME | |
| Personal name | Teixeira de Mattos, Alexander, |
| Dates associated with a name | 1865-1921 |
| 700 1# - ADDED ENTRY--PERSONAL NAME | |
| Personal name | Jacobs, Helen, |
| Dates associated with a name | 1888-1970 |
| 700 1# - ADDED ENTRY--PERSONAL NAME | |
| Personal name | Lee, G. E. |
| 830 #0 - SERIES ADDED ENTRY--UNIFORM TITLE | |
| Uniform title | Project Gutenberg |
| Volume number/sequential designation | 31167 |
| 856 40 - ELECTRONIC LOCATION AND ACCESS | |
| Uniform Resource Identifier | <a href="http://www.gutenberg.org/ebooks/31167">http://www.gutenberg.org/ebooks/31167</a> |
| 942 ## - ADDED ENTRY ELEMENTS (KOHA) | |
| Koha item type | eBooks |
| Withdrawn status | Lost status | Damaged status | Home library | Current library | Date acquired | Total Checkouts | Date last seen | Price effective from | Koha item type |
|---|---|---|---|---|---|---|---|---|---|
| Project Gutenberg | Project Gutenberg | 08/28/2014 | 08/28/2014 | 08/28/2014 | eBooks |